Spiders by Picture - Statistics

General Stats
  • This quiz has been taken 474 times
    268 since last reset
  • The average score is 3 of 9
Answer Stats
Picture Answer % Correct
Black Widow
98%
Jumping Spider
82%
Wolf Spider
42%
Redback Spider
25%
Golden Orb Spider
23%
Water Spider
15%
Cobalt Blue Tarantula
9%
Spiny Orb Weaver
7%
Black and Yellow Garden Spider
2%
No matching quizzes found
Score Distribution
Percent of People with Each Score
Percentile by Number Answered
Your Score History
You have not taken this quiz since the last reset